Dos capítulos de la historia de Canarias / (Record no. 153558)

MARC details
000 -LEADER
campo de control de longitud fija 00823nam a22001935i 4500
001 - NÚMERO DE CONTROL
campo de control 153558
003 - IDENTIFICADOR DE NÚMERO DE CONTROL
campo de control ES-MaACL
005 - FECHA Y HORA DE LA ÚLTIMA TRANSACCIÓN
campo de control 20250811063147.0
008 - DATOS DE LONGITUD FIJA--INFORMACIÓN GENERAL
campo de control de longitud fija 020509s1894 sp |||| | spa d
040 ## - FUENTE DE CATALOGACIÓN
Centro catalogador/agencia de origen EXT
Lengua de catalogación spa
Centro/agencia transcriptor EXT
100 1# - ENTRADA PRINCIPAL--NOMBRE DE PERSONA
Nombre de persona Serra y Fernández de Moratín, Leandro
9 (RLIN) 132661
245 10 - MENCIÓN DEL TÍTULO
Título Dos capítulos de la historia de Canarias /
Mención de responsabilidad, etc. estudio y recopilación por Leandro Serra y Fernández de Moratín.
260 ## - PUBLICACIÓN, DISTRIBUCIÓN, ETC.
Lugar de publicación, distribución, etc. Santa Cruz de Tenerife :
Nombre del editor, distribuidor, etc. [s.n.],
Fecha de publicación, distribución, etc. 1894 (
Fabricante Imp. de Alvarez Hermanos)
300 ## - DESCRIPCIÓN FÍSICA
Extensión 43 p. ;
Dimensiones 24 cm.
594 #1 - Nota al título y mención de responsabilidad
Nota al título y mención de responsabilidad En la cub.: Cuarto Centenario de la Conquista de Tenerife.
650 #4 - PUNTO DE ACCESO ADICIONAL DE MATERIA--TÉRMINO DE MATERIA
Término de materia o nombre geográfico como elemento de entrada
9 (RLIN) 241639
852 ## - LOCALIZACIÓN
Ubicación ES-MaACL
Número de control de estantería T-812-F-5
Nota libre -- Enc. hol. conservando la cub. original
-- -- Dedic. ms. del autor al Ateneo de Madrid
-- -- Enc. en un vol. facticio
Holdings
Estatus retirado Estado de pérdida Estado de daño No para préstamo Colección Biblioteca de origen Biblioteca actual Ubicación en estantería Fecha de adquisición Total de préstamos Signatura topográfica completa Código de barras Visto por última vez Precio de reemplazo Tipo de ítem Koha
        Colección de folletos Biblioteca del Ateneo de Madrid Biblioteca del Ateneo de Madrid Depósito folletos 17/01/2008   T-812-F-5 1160524 23/02/2023 23/02/2023 Folleto